<?xml version="1.0" encoding="UTF-8"?>
<record
    xmlns:xsi="http://www.w3.org/2001/XMLSchema-instance"
    xsi:schemaLocation="http://www.loc.gov/MARC21/slim http://www.loc.gov/standards/marcxml/schema/MARC21slim.xsd"
    xmlns="http://www.loc.gov/MARC21/slim">

  <leader>02647njm a2200541Ia 4500</leader>
  <controlfield tag="001">20537</controlfield>
  <controlfield tag="003">IT-RoPAU</controlfield>
  <controlfield tag="005">20220918181123.0</controlfield>
  <controlfield tag="008">131025s9999    xx            000 0 und d</controlfield>
  <datafield tag="040" ind1=" " ind2=" ">
    <subfield code="a">IT-RoPAU</subfield>
  </datafield>
  <datafield tag="040" ind1=" " ind2=" ">
    <subfield code="c">IT-RoPAU</subfield>
  </datafield>
  <datafield tag="041" ind1=" " ind2=" ">
    <subfield code="a">ITALIANO</subfield>
  </datafield>
  <datafield tag="999" ind1=" " ind2=" ">
    <subfield code="c">99931</subfield>
    <subfield code="d">99931</subfield>
  </datafield>
  <datafield tag="999" ind1=" " ind2=" ">
    <subfield code="b">n.d.</subfield>
  </datafield>
  <datafield tag="100" ind1=" " ind2=" ">
    <subfield code="a">AA.VV.</subfield>
    <subfield code="9">794</subfield>
  </datafield>
  <datafield tag="100" ind1=" " ind2=" ">
    <subfield code="e">Autore musica</subfield>
    <subfield code="9">1988</subfield>
  </datafield>
  <datafield tag="100" ind1=" " ind2=" ">
    <subfield code="g">Codice autore musica SPICS: 12000</subfield>
    <subfield code="9">796</subfield>
  </datafield>
  <datafield tag="245" ind1=" " ind2=" ">
    <subfield code="a">Disco (Jbt 784)</subfield>
  </datafield>
  <datafield tag="250" ind1=" " ind2=" ">
    <subfield code="a">1a ed.</subfield>
  </datafield>
  <datafield tag="260" ind1=" " ind2=" ">
    <subfield code="a">TORINO</subfield>
  </datafield>
  <datafield tag="260" ind1=" " ind2=" ">
    <subfield code="b">FONIT CETRA</subfield>
    <subfield code="c">1983 [1a Ed.:1983 - Ed. Lingua Orig.: 1983]</subfield>
  </datafield>
  <datafield tag="300" ind1=" " ind2=" ">
    <subfield code="a">DISCO</subfield>
  </datafield>
  <datafield tag="300" ind1=" " ind2=" ">
    <subfield code="c">21 minuti (Testo:  pag.)</subfield>
  </datafield>
  <datafield tag="500" ind1=" " ind2=" ">
    <subfield code="a">Dance music. Disco promozionale fuori commercio.</subfield>
  </datafield>
  <datafield tag="505" ind1=" " ind2=" ">
    <subfield code="a">Canta [(Drupi) (5:00)] - Cocco fresco, cocco bello (4:00) - Stelle stelle (5:00) - Le ragazze di Osaka (4:00) - Just Keep On Walking (5:00) - Gocce di creme (5:00)</subfield>
  </datafield>
  <datafield tag="511" ind1=" " ind2=" ">
    <subfield code="a">Drupi</subfield>
  </datafield>
  <datafield tag="511" ind1=" " ind2=" ">
    <subfield code="a">Colli Ombretta</subfield>
  </datafield>
  <datafield tag="511" ind1=" " ind2=" ">
    <subfield code="a">Claxon</subfield>
  </datafield>
  <datafield tag="511" ind1=" " ind2=" ">
    <subfield code="a">Finardi Eugenio</subfield>
  </datafield>
  <datafield tag="511" ind1=" " ind2=" ">
    <subfield code="a">Rod</subfield>
  </datafield>
  <datafield tag="511" ind1=" " ind2=" ">
    <subfield code="a">Berto A.P.</subfield>
  </datafield>
  <datafield tag="650" ind1=" " ind2=" ">
    <subfield code="a">DISCOMUSIC [DISCHI]</subfield>
    <subfield code="e">Codice MATERIA SPICS: 9950</subfield>
    <subfield code="9">1989</subfield>
  </datafield>
  <datafield tag="700" ind1=" " ind2=" ">
    <subfield code="a">Dato D.</subfield>
    <subfield code="d">Codice autore musica SPICS: 23193</subfield>
    <subfield code="e">Autore musica</subfield>
    <subfield code="p">Canta</subfield>
    <subfield code="9">1990</subfield>
  </datafield>
  <datafield tag="700" ind1=" " ind2=" ">
    <subfield code="a">Drupi</subfield>
    <subfield code="d">Codice autore testo/musica SPICS: 10872</subfield>
    <subfield code="e">Autore testo/musica</subfield>
    <subfield code="p">Canta</subfield>
    <subfield code="9">1991</subfield>
  </datafield>
  <datafield tag="700" ind1=" " ind2=" ">
    <subfield code="a">Pio Giusto</subfield>
    <subfield code="d">Codice autore musica SPICS: 13292</subfield>
    <subfield code="e">Autore musica</subfield>
    <subfield code="p">Cocco fresco, cocco bello</subfield>
    <subfield code="9">1992</subfield>
  </datafield>
  <datafield tag="700" ind1=" " ind2=" ">
    <subfield code="a">Messina F.</subfield>
    <subfield code="d">Codice autore SPICS: 23194</subfield>
    <subfield code="e">Autore</subfield>
    <subfield code="p">Cocco fresco, cocco bello</subfield>
    <subfield code="9">1993</subfield>
  </datafield>
  <datafield tag="700" ind1=" " ind2=" ">
    <subfield code="a">Colli Ombretta</subfield>
    <subfield code="d">Codice autore testo/musica SPICS: 11558</subfield>
    <subfield code="e">Autore testo/musica</subfield>
    <subfield code="p">Cocco fresco, cocco bello</subfield>
    <subfield code="9">1994</subfield>
  </datafield>
  <datafield tag="700" ind1=" " ind2=" ">
    <subfield code="a">Guarnieri Gabriele</subfield>
    <subfield code="d">Codice autore musica SPICS: 23197</subfield>
    <subfield code="e">Autore musica</subfield>
    <subfield code="p">Stelle stelle</subfield>
    <subfield code="9">1995</subfield>
  </datafield>
  <datafield tag="700" ind1=" " ind2=" ">
    <subfield code="a">Pozzati A.</subfield>
    <subfield code="d">Codice autore SPICS: 23196</subfield>
    <subfield code="e">Autore</subfield>
    <subfield code="p">Stelle stelle</subfield>
    <subfield code="9">1996</subfield>
  </datafield>
  <datafield tag="700" ind1=" " ind2=" ">
    <subfield code="a">Lo Presti S.</subfield>
    <subfield code="d">Codice autore testo/musica SPICS: 23195</subfield>
    <subfield code="e">Autore testo/musica</subfield>
    <subfield code="p">Stelle stelle</subfield>
    <subfield code="9">1997</subfield>
  </datafield>
  <datafield tag="700" ind1=" " ind2=" ">
    <subfield code="a">Finardi Eugenio</subfield>
    <subfield code="d">Codice autore musica SPICS:  9815</subfield>
    <subfield code="e">Autore musica</subfield>
    <subfield code="p">Le ragazze di Osaka</subfield>
    <subfield code="9">1998</subfield>
  </datafield>
  <datafield tag="700" ind1=" " ind2=" ">
    <subfield code="a">Messina F.</subfield>
    <subfield code="d">Codice autore testo/musica SPICS: 23194</subfield>
    <subfield code="e">Autore testo/musica</subfield>
    <subfield code="p">Le ragazze di Osaka</subfield>
    <subfield code="9">1999</subfield>
  </datafield>
  <datafield tag="700" ind1=" " ind2=" ">
    <subfield code="a">Niangandoumou Roch</subfield>
    <subfield code="d">Codice autore testo/musica SPICS: 23198</subfield>
    <subfield code="e">Autore testo/musica</subfield>
    <subfield code="p">Just Keep On Walking </subfield>
    <subfield code="9">2000</subfield>
  </datafield>
  <datafield tag="700" ind1=" " ind2=" ">
    <subfield code="a">Bank H.</subfield>
    <subfield code="d">Codice autore SPICS: 23199</subfield>
    <subfield code="e">Autore</subfield>
    <subfield code="p">Just Keep On Walking</subfield>
    <subfield code="9">2001</subfield>
  </datafield>
  <datafield tag="700" ind1=" " ind2=" ">
    <subfield code="a">Testi</subfield>
    <subfield code="d">Codice autore musica SPICS: 23202</subfield>
    <subfield code="e">Autore musica</subfield>
    <subfield code="p">Gocce di creme</subfield>
    <subfield code="9">2002</subfield>
  </datafield>
  <datafield tag="700" ind1=" " ind2=" ">
    <subfield code="a">Saruis</subfield>
    <subfield code="d">Codice autore SPICS: 23201</subfield>
    <subfield code="e">Autore</subfield>
    <subfield code="p">Gocce di creme</subfield>
    <subfield code="9">2003</subfield>
  </datafield>
  <datafield tag="700" ind1=" " ind2=" ">
    <subfield code="a">Cestana Daniele</subfield>
    <subfield code="d">Codice autore testo/musica SPICS: 23200</subfield>
    <subfield code="e">Autore testo/musica</subfield>
    <subfield code="p">Gocce di creme</subfield>
    <subfield code="9">2004</subfield>
  </datafield>
  <datafield tag="942" ind1=" " ind2=" ">
    <subfield code="c">MD</subfield>
    <subfield code="2">ddc</subfield>
  </datafield>
  <datafield tag="952" ind1=" " ind2=" ">
    <subfield code="0">0</subfield>
    <subfield code="1">0</subfield>
    <subfield code="4">0</subfield>
    <subfield code="6">20537_000000000000000</subfield>
    <subfield code="7">1</subfield>
    <subfield code="a">SPICS</subfield>
    <subfield code="b">SPICS</subfield>
    <subfield code="d">2013-10-25</subfield>
    <subfield code="l">0</subfield>
    <subfield code="o">20537</subfield>
    <subfield code="r">2013-10-25 00:00:00</subfield>
    <subfield code="w">2013-10-25</subfield>
    <subfield code="y">MD</subfield>
    <subfield code="z">Progr. Ins.: 3844 / N.Vol.: 1 / Copie: 1 - Copia rara: n.d. / date import: 01.01.2014 - By Epidotti, Trombetti, Vaglietti</subfield>
  </datafield>
</record>
